000 00208 a2200097 4500
001 20132
100 _aCairn cross
245 _aFactors in eco development
260 _a
_bG A U Ltd
_c
090 _c14726
_d14726
942 _aNUST-CAE
_cM
_c5254
999 _c255205
_d255205